[Event "POL-chT 2nd League Juniors 2020"]
[Site "Sypniewo"]
[Date "2020.10.24"]
[Round "3.23"]
[White "Hertlein, Irena"]
[Black "Kudlak, Julia"]
[Result "1-0"]
[WhiteElo "1893"]
[BlackElo "1574"]
[Annotator "NA RC"]
[PlyCount "51"]
[EventDate "2020.10.23"]
[EventType "team-tourn"]
[EventCountry "POL"]
[SourceTitle "playchess.com"]
[Source "ChessBase"]
[SourceQuality "1"]
[TimeControl "5400+30"]

{[%evp 8,49,16,6,29,31,32767,54,32767,54,49,32767,32767,32767,56,52,67,33,91,91,247,259,534,571,550,497,828,696,654,771,32767,32767,32767,32767,1224,32767,1398,32767,32767,32767,32767,1212,32767,1309]} 1. d4 {[%emt 0:00:00]} Nf6 {[%emt 0:00:07]} 2. Nf3 {[%emt 0:00:00]} e6 {[%emt 0:01:03]} 3. g3 {[%emt 0:03:10]} b6 {[%emt 0:01:50]} 4. Bg2 {[%emt 0:00:09]} d5 {[%emt 0:03:56]} 5. O-O {[%emt 0:02:28]} Ba6 {[%emt 0:03:12]} 6. Ne5 {[%emt 0:09:56] A46: 1 d4 Nf6 2 Nf3 e6: Torre, London and Colle Systems.} Nfd7 {[%emt 0:03:56] [#]} 7. c4 $146 {[%emt 0:21:23]} ({Predecessor:} 7. Nd3 c6 8. Nd2 g6 9. e4 Bg7 10. exd5 cxd5 11. c4 Nc6 12. Qa4 Na5 13. Nb4 Bxc4 14. Nxc4 Nxc4 15. Nxd5 {1-0 (29) Dive,R (2297)-Miguel,S (2285) Batumi 2018}) 7... Nxe5 {[%emt 0:05:32]} 8. cxd5 $1 {[%emt 0:00:21]} exd5 {[%emt 0:07:07]} 9. dxe5 {[%emt 0:00:57]} c6 {[%emt 0:03:24]} 10. Nc3 {[%emt 0:01:34]} Nd7 {[%emt 0:03:53]} 11. Qa4 {[%emt 0:23:32]} Bb7 {[%emt 0:01:48]} 12. Rd1 {[%emt 0:00:27]} Nc5 {[%emt 0:04:20] [#]} 13. Qc2 $1 {[%emt 0:02:45]} g6 $2 {[%emt 0:04:24] [#]} (13... Ne6 $16) 14. b4 $1 {[%emt 0:01:47]} Na6 $2 {[%emt 0:02:44]} (14... Nd7 15. e4 Rc8) 15. b5 {[%emt 0:01:58]} Nb4 {[%emt 0:03:43]} 16. Qb2 {[%emt 0:00:10]} d4 {[%emt 0:07:14]} (16... Qe7 $142 17. a3 Bg7 18. axb4 Qxe5 19. bxc6 Bxc6 20. Nxd5 Qxb2 21. Bxb2 Bxb2 22. Nc7+ {[%mdl 64] Double Attack} Kf8 23. Nxa8 Bxa1 24. Rxa1 Bxg2 25. Kxg2 a5 26. Nxb6 axb4) 17. a3 {[%emt 0:05:02]} dxc3 {[%emt 0:04:11]} 18. Rxd8+ {[%emt 0:00:08]} Rxd8 {[%emt 0:00:18]} 19. Qxc3 {[%emt 0:00:11]} Nd5 {[%emt 0:00:47]} 20. Bxd5 {[%emt 0:01:36]} cxd5 {[%emt 0:00:35]} 21. e6 {[%emt 0:00:25]} d4 {[%emt 0:04:40]} 22. Qc7 {[%emt 0:02:02]} fxe6 {[%emt 0:01:03]} 23. Qxb7 {[%emt 0:00:55]} Be7 {[%emt 0:02:46]} 24. Qxa7 {[%emt 0:00:32]} e5 {[%emt 0:00:42]} 25. Qxb6 $18 {[%emt 0:00:28]} Kf7 {[%emt 0:00:50]} 26. Qc7 {[%emt 0:00:45]} 1-0

[Event "POL-chT 2nd League Juniors 2020"]
[Site "Sypniewo"]
[Date "2020.10.24"]
[Round "3.24"]
[White "Tim, Anna"]
[Black "Lajdamik, Anna"]
[Result "1-0"]
[WhiteElo "1237"]
[BlackElo "1292"]
[Annotator "NA RC"]
[PlyCount "97"]
[EventDate "2020.10.23"]
[EventType "team-tourn"]
[EventCountry "POL"]
[SourceTitle "playchess.com"]
[Source "ChessBase"]
[SourceQuality "1"]
[TimeControl "5400+30"]

1. d4 {[%emt 0:00:00]} d5 {[%emt 0:00:00]} 2. c4 {[%emt 0:00:00]} Bf5 {[%emt 0:00:33]} 3. Nc3 {[%emt 0:00:25]} e6 {[%emt 0:00:34]} 4. Nf3 {[%emt 0:01:23]} c6 {[%emt 0:01:12]} 5. Bf4 {[%emt 0:00:29]} Nf6 {[%emt 0:01:13]} 6. cxd5 {[%emt 0:02:51]} exd5 {[%emt 0:02:31]} 7. e3 {[%emt 0:01:12]} Bd6 {[%emt 0:02:06]} 8. Bxd6 {[%emt 0:00:49]} Qxd6 {[%emt 0:00:21]} 9. Bd3 {[%emt 0:00:13]} Bxd3 {[%emt 0:04:14]} 10. Qxd3 {[%emt 0:00:11]} Nbd7 {[%emt 0:00:53]} 11. O-O {[%emt 0:00:51]} O-O {[%emt 0:00:10]} 12. Rfc1 {[%emt 0:03:55]} Rae8 {[%emt 0:04:20]} 13. Qc2 {[%emt 0:08:26]} Ne4 {[%emt 0:04:27]} 14. Qa4 {[%emt 0:06:12]} f5 {[%emt 0:00:59]} 15. Ne2 {[%emt 0:04:03]} a6 {[%emt 0:13:52]} 16. Nf4 {[%emt 0:06:22]} g5 {[%emt 0:08:20]} 17. Nd3 {[%emt 0:02:20]} f4 {[%emt 0:02:10]} 18. exf4 {[%emt 0:01:22]} gxf4 {[%emt 0:00:14]} 19. Nde5 {[%emt 0:08:03]} Nxe5 {[%emt 0:00:42]} 20. Nxe5 {[%emt 0:00:30]} Re7 {[%emt 0:02:38]} 21. Qc2 {[%emt 0:02:34]} Nf6 {[%emt 0:03:38]} 22. f3 {[%emt 0:10:35]} Nd7 {[%emt 0:01:04]} 23. Nxd7 {[%emt 0:01:15]} Qxd7 {[%emt 0:00:11]} 24. Re1 {[%emt 0:00:22]} Rfe8 {[%emt 0:00:25]} 25. Rxe7 {[%emt 0:01:56]} Rxe7 {[%emt 0:00:09]} 26. Qd2 {[%emt 0:00:22]} Re3 {[%emt 0:06:03]} 27. Re1 {[%emt 0:00:26]} Qe7 {[%emt 0:00:50]} 28. Kf2 {[%emt 0:00:59]} Qh4+ {[%emt 0:03:19]} 29. Kf1 {[%emt 0:02:44]} Kf7 {[%emt 0:04:29]} 30. Rxe3 {[%emt 0:00:23]} fxe3 31. Qxe3 Qxh2 {[%emt 0:00:40]} 32. Qe5 {[%emt 0:07:46]} Qxe5 {[%emt 0:02:24]} 33. dxe5 {[%emt 0:00:17]} Ke6 {[%emt 0:00:20]} 34. f4 {[%emt 0:00:15]} d4 {[%emt 0:00:52]} 35. Ke2 {[%emt 0:07:24]} h5 {[%emt 0:02:35]} 36. Kd3 Kd5 37. e6 {[%emt 0:03:10]} Kxe6 {[%emt 0:00:39]} 38. Kxd4 {[%emt 0:00:13]} h4 {[%emt 0:02:36]} 39. Ke4 {[%emt 0:04:27]} b5 {[%emt 0:02:05]} 40. f5+ {[%emt 0:00:26]} Kf6 {[%emt 0:00:11]} 41. b4 {[%emt 0:02:27]} Kf7 {[%emt 0:00:33]} 42. Ke5 {[%emt 0:00:29]} Ke7 {[%emt 0:00:16]} 43. f6+ {[%emt 0:00:25]} Kf7 {[%emt 0:00:13]} 44. Kf5 {[%emt 0:00:49]} Kf8 {[%emt 0:01:03]} 45. Ke6 {[%emt 0:00:26]} Ke8 {[%emt 0:00:05]} 46. f7+ {[%emt 0:00:07]} Kf8 {[%emt 0:00:17]} 47. Kf6 {[%emt 0:00:08]} h3 {[%emt 0:00:07]} 48. gxh3 {[%emt 0:00:09]} a5 {[%emt 0:00:13]} 49. bxa5 {[%emt 0:00:15]} 1-0

[Event "POL-chT 2nd League Juniors 2020"]
[Site "Sypniewo"]
[Date "2020.10.25"]
[Round "4.1"]
[White "Wysocki, Mateusz"]
[Black "Majdanski, Maksymilian"]
[Result "1/2-1/2"]
[WhiteElo "1855"]
[BlackElo "1817"]
[Annotator "NA RC"]
[PlyCount "61"]
[EventDate "2020.10.23"]
[EventType "team-tourn"]
[EventCountry "POL"]
[SourceTitle "playchess.com"]
[Source "ChessBase"]
[SourceQuality "1"]
[TimeControl "5400+30"]

{[%evp 30,59,0,0,14,1,12,14,8,0,16,0,34,3,34,9,32767,32767,16,0,0,-5,6,4,0,32767,0,32767,32767,32767,32767,0]} 1. e4 {[%emt 0:00:00]} c5 {[%emt 0:00:00]} 2. Nf3 {[%emt 0:00:00]} Nc6 {[%emt 0:00:00]} 3. c3 {[%emt 0:00:00]} d5 {[%emt 0:00:13]} 4. exd5 {[%emt 0:00:06]} Qxd5 {[%emt 0:00:27]} 5. d4 {[%emt 0:00:10]} Bg4 {[%emt 0:00:46]} 6. Be2 {[%emt 0:00:08]} cxd4 {[%emt 0:01:05]} 7. cxd4 {[%emt 0:01:01]} e6 {[%emt 0:00:50]} 8. O-O {[%emt 0:04:46]} Nf6 {[%emt 0:03:59]} 9. Nc3 {[%emt 0:00:20]} Qa5 {[%emt 0:02:05]} 10. Be3 {[%emt 0:05:06]} Be7 {[%emt 0:02:56]} 11. Qb3 {[%emt 0:00:23]} Qb4 12. Qxb4 Bxb4 {[%emt 0:08:38]} 13. h3 {[%emt 0:04:28]} Bh5 {[%emt 0:04:33]} 14. g4 {[%emt 0:06:02]} Bg6 {[%emt 0:00:22]} 15. Ne5 {[%emt 0:00:23]} Bxc3 {[%emt 0:17:33]} 16. bxc3 {[%emt 0:00:38]} Nd5 {[%emt 0:01:15]} 17. Nxc6 {[%emt 0:25:07]} Nxe3 {[%emt 0:03:22]} 18. fxe3 {[%emt 0:00:09]} bxc6 {[%emt 0:00:07]} 19. Bf3 {[%emt 0:01:12]} Kd7 {[%emt 0:01:05]} 20. e4 {[%emt 0:00:07]} Rab8 {[%emt 0:10:17]} 21. Rab1 {[%emt 0:03:05]} Rxb1 {[%emt 0:01:04]} 22. Rxb1 {[%emt 0:00:06]} Kc7 {[%emt 0:00:26]} 23. Rb4 {[%emt 0:03:11]} Rb8 {[%emt 0:02:50]} 24. a3 {[%emt 0:21:48]} f6 {[%emt 0:08:11]} 25. Kf2 {[%emt 0:00:23]} a5 {[%emt 0:06:23]} 26. Rxb8 {[%emt 0:14:42]} Kxb8 $11 {[%emt 0:00:02]} 27. Ke3 {[%emt 0:01:41]} e5 {[%emt 0:03:13]} 28. c4 {[%emt 0:00:08]} Bf7 {[%emt 0:02:48]} 29. Be2 {[%emt 0:00:45]} c5 {[%emt 0:03:26]} 30. d5 {[%emt 0:03:11]} ({Much weaker is} 30. dxc5 Kc7 $17) 30... Kc7 {[%emt 0:01:10]} 31. Bd1 {[%emt 0:00:09]} 1/2-1/2

[Event "POL-chT 2nd League Juniors 2020"]
[Site "Sypniewo"]
[Date "2020.10.25"]
[Round "4.1"]
[White "Lewandowski, Wiktor"]
[Black "Zerebiec, Maurycy"]
[Result "0-1"]
[WhiteElo "1756"]
[BlackElo "1917"]
[Annotator "TA"]
[PlyCount "156"]
[EventDate "2020.10.23"]
[EventType "team-tourn"]
[EventCountry "POL"]
[SourceTitle "playchess.com"]
[Source "ChessBase"]
[SourceQuality "1"]

{[%evp 9,156,0,76,55,51,58,54,-7,0,-13,1,-28,-12,-27,-27,-34,-23,-37,0,-8,0,0,-8,0,0,0,34,20,34,0,59,41,90,78,68,0,0,0,57,57,57,57,64,70,72,0,0,1,42,0,0,0,0,0,0,0,0,0,0,0,0,0,0,0,0,0,0,0,0,0,0,0,0,0,0,0,0,-75,-80,-136,-333,-532,-490,-576,-570,-559,-552,-545,-533,-515,0,-219,-194,-204,-198,-172,-200,-214,-195,-183,0,-461,-454,-454,-438,-424,-46,-43,-41,-393,-83,-457,-421,-1086,-1068,-1013,-941,-12829,-12831,-10418,-457,-401,-345,-12829,-12830,-12829,-12831,-12830,-12831,-12827,-12833,-12830,-12721,-12839,-12839,-12840,-12840,-12844,-12843,-12845,-12846,-12846,-12843,-12844,-12844,-12845,-12845,-12849,-12850]} 1. e4 e6 2. Nf3 d5 3. Nc3 Nf6 4. e5 Nfd7 5. d4 b6 (5... c5 $11) 6. Bg5 {C11: French: Classical System: 4 e5 and 4 Bg5 dxe4.} (6. Ng5 {with more complications.} Be7 7. h4 Nc6 8. Bb5 Bb7 9. Qg4) 6... Be7 7. Bxe7 Qxe7 8. Be2 (8. Nb5 $14 Nf8 9. Bd3) 8... a6 $11 9. O-O c5 {[#]} 10. dxc5 $146 ({Predecessor:} 10. Re1 Bb7 11. Nb1 Nc6 12. c3 O-O-O 13. a3 f6 14. exf6 gxf6 15. b4 e5 16. dxc5 bxc5 {½-½ (38) Sanchez Fernandez,J (1989)-Gaya Llodra,J (2173) Palma de Mallorca 2013}) 10... bxc5 11. Re1 Nc6 12. Bf1 O-O 13. Qd2 a5 14. a4 Ba6 15. Bxa6 Rxa6 16. Nb5 c4 17. b3 cxb3 18. cxb3 Nc5 19. Rab1 Ne4 (19... f6 $11) 20. Qe3 $14 Rc8 21. Rec1 $1 Qd7 22. Ng5 ({Better is} 22. Nfd4 $14) 22... Nxg5 $11 23. Qxg5 Ne7 ({Black should play} 23... h6 $11 24. Qe3 Nb4) 24. Rxc8+ $1 $14 Nxc8 25. Rc1 h6 26. Qd2 Rc6 {[#]} 27. Rxc6 (27. Nd4 $1 $16 {[%cal Rd4c6]} Rxc1+ 28. Qxc1) 27... Qxc6 $11 28. g3 Qb6 29. Qc3 Ne7 30. Nd4 Kf8 31. Kf1 Ke8 32. Nb5 Nc6 33. Nd6+ Kf8 34. f4 g6 35. h3 h5 36. g4 hxg4 37. hxg4 Kg8 38. Ne8 Qa6+ 39. Kg1 Kf8 40. Nf6 Qb6+ 41. Kg2 {Black must now prevent Nd7+.} Ke7 42. Ng8+ Kd8 43. Nf6 (43. Nh6 $11 {remains equal.}) 43... Nd4 $17 44. Qh3 (44. Qe3 $142) 44... Qxb3 $2 (44... Qc5 $17 45. Qe3 Qc2+ 46. Kf1 Qb1+ 47. Kg2 Qa2+ 48. Kh1 Qa1+ 49. Kg2 Qb2+ 50. Kh1 Kc7 51. Ne8+ Kc6) 45. Qh8+ (45. Qxb3 $142 Nxb3 46. Nh7) 45... Kc7 $19 46. Qe8 Qf3+ {[%mdl 64] Double Attack} 47. Kh2 Qxf4+ 48. Kh3 Qf1+ 49. Kh2 Qf4+ (49... Nf3+ $142 50. Kg3 Nxe5 {[%mdl 64] Discovered Attack} 51. Nxd5+ Kb7 52. Qe7+ Kc6) 50. Kh3 Qh6+ 51. Kg2 Qd2+ 52. Kh3 Qe3+ 53. Kg2 Qe2+ 54. Kh3 Qf1+ $2 (54... Qxe5 55. Qxf7+ Kc6 56. Qe8+ Kb7 57. Qf7+ Ka6) 55. Kh2 $1 Nf3+ 56. Kg3 Nxe5 57. Nxd5+ exd5 $2 (57... Kb7 $19 58. Qe7+ Kc6) 58. Qxe5+ {[%mdl 4096] Endgame KQ-KQ} Kc6 59. Qe8+ $2 {[%mdl 8192] White is now going downhill.} (59. Qc3+ $1 $15 Qc4 60. Qxa5) 59... Kd6 $2 (59... Kc5 $19 {has better winning chances.} 60. Qe7+ Kc4 61. Qc7+ Kb4 62. Qd6+ Kxa4 63. Qxd5 Qe1+ 64. Kh3 Qe6) 60. Qb8+ $2 {[%mdl 8192]} (60. Qd8+ $17 {was the crucial defense.} Ke5 61. Qxa5) 60... Kc5 61. Qc7+ (61. Kh4 $142 Qf6+ 62. Kh3) 61... Kb4 62. Qd6+ Kxa4 63. Qxd5 Qe1+ 64. Kg2 {[#]} Qe2+ (64... f5 $142 $1 {...Qe4+! is the strong threat.} 65. gxf5 gxf5 66. Qxf5 Kb4 67. Qf8+ Kb3 68. Qf7+ Ka3) 65. Kg3 Qe3+ 66. Kg2 $2 (66. Kh4 Qe7+ 67. Kg3) 66... Qf4 {Black is clearly winning.} 67. Qa2+ Kb4 68. Qb2+ Kc5 69. Qc3+ Kd6 70. Qd3+ Ke7 71. Qa3+ Qb4 72. Qe3+ Kf8 73. Qg5 a4 {[%cal Ba5a4,Ba4a3][%mdl 32]} 74. Qd8+ Kg7 75. g5 a3 76. Qf6+ Kg8 {( -> ...Qb2+)} 77. Qd8+ Kh7 78. Qf6 Qb2+ {Av CentiPawn Loss W=-33/B=-30. Weighted=-51/-28} 0-1

[Event "POL-chT 2nd League Juniors 2020"]
[Site "Sypniewo"]
[Date "2020.10.25"]
[Round "4.2"]
[White "Topola, Rafal"]
[Black "Kolodziejski, Piotr"]
[Result "1/2-1/2"]
[WhiteElo "1827"]
[BlackElo "1905"]
[Annotator "TA"]
[PlyCount "103"]
[EventDate "2020.10.23"]
[EventType "team-tourn"]
[EventCountry "POL"]
[SourceTitle "playchess.com"]
[Source "ChessBase"]
[SourceQuality "1"]

{[%evp 9,103,16,39,46,51,52,53,16,30,14,14,20,16,13,47,59,60,46,65,43,36,36,85,83,85,72,90,83,141,126,149,84,127,75,79,34,34,34,34,31,38,43,27,40,38,36,38,25,16,44,31,24,25,-9,-17,-9,-10,-8,0,0,0,0,0,0,0,0,0,0,0,0,0,0,0,0,0,0,0,0,0,0,0,0,0,0,0,0,0,0,0,0,0,0,0,0,0,0]} 1. c4 e5 2. Nc3 Bb4 3. Nd5 Be7 4. Nf3 d6 5. d4 exd4 6. Nxd4 {[#] A21: English Opening: 1...e5 2 Nc3.} c6 $146 ({Predecessor:} 6... Nf6 7. Nc3 O-O 8. g3 d5 9. cxd5 Nxd5 10. Bd2 Bf6 11. Nf3 Nxc3 12. Bxc3 Bxc3+ 13. bxc3 {0-1 (85) Swicarz,M (2325)-Hovhannisyan,R (2642) chess.com INT 2020}) 7. Nxe7 Nxe7 8. g3 {White is slightly better.} d5 9. cxd5 Qxd5 10. f3 O-O 11. e4 Qd6 {Threatening ...Rd8.} 12. Bf4 Qb4+ 13. Qd2 Qxd2+ 14. Bxd2 (14. Kxd2 {is more complex.} c5 15. Nb5 Rd8+ 16. Kc3 a6 17. Nd6) 14... Rd8 15. Bc3 $36 {[%mdl 2048] White is more active.} Nd7 16. O-O-O Nf8 17. Be2 b6 18. Rd2 Bb7 ({Black should try} 18... c5) 19. Rhd1 $16 {[#] Black must now prevent Nf5.} Re8 20. Nc2 (20. a4 $142) 20... c5 21. Bb5 (21. Na3 $142) 21... Bc6 22. Bxc6 Nxc6 23. Ne3 Ne6 24. Nf5 Red8 25. Rd6 Ncd4 26. Rxd8+ Rxd8 27. Bxd4 cxd4 $11 {[%mdl 4096] Endgame KRN-KRN} 28. Ne7+ Kf8 29. Nd5 f5 30. exf5 {Threatens to win with Nxb6.} Ng5 31. Rxd4 Nxf3 {The position is equal.} 32. Rf4 $1 Nxh2 33. Nc3 h5 34. Rh4 Nf1 35. Rxh5 Nxg3 36. Rh8+ Ke7 37. f6+ gxf6 38. Rh7+ Ke6 39. Rxa7 f5 40. Rb7 Rd6 41. Rg7 f4 (41... Nh5 {with more complications.} 42. Rb7 f4 43. Ne4 Rc6+ 44. Kd2 Kf5) 42. Rg6+ Ke5 43. Rxd6 Kxd6 {KN-KN} 44. Kd2 Kc5 45. Ke1 Kd4 46. Kf2 Ne4+ 47. Nxe4 Kxe4 48. a4 Kd3 {[#] ( -> ...Kc4)} 49. b4 Kc4 50. a5 bxa5 51. bxa5 {White wants to mate with a6.} Kb5 52. Kf3 {Av CentiPawn Loss W=-5/B=-4. Weighted=-5/-5} 1/2-1/2

[Event "POL-chT 2nd League Juniors 2020"]
[Site "Sypniewo"]
[Date "2020.10.25"]
[Round "4.3"]
[White "Komendecki, Antoni"]
[Black "Nowak, Filip"]
[Result "1/2-1/2"]
[WhiteElo "1801"]
[BlackElo "1871"]
[Annotator "NA RC"]
[PlyCount "107"]
[EventDate "2020.10.23"]
[EventType "team-tourn"]
[EventCountry "POL"]
[SourceTitle "playchess.com"]
[Source "ChessBase"]
[SourceQuality "1"]
[TimeControl "5400+30"]

{[%evp 11,90,-29,32767,32767,32767,32767,32767,-11,32767,-12,23,22,4,21,32767,-39,-35,-108,-136,-259,-261,-264,-277,-259,-180,-173,32767,-183,-147,-153,-109,-123,-99,-96,32767,-118,32767,32767,32767,32767,-7,-12,32,36,89,88,214,179,273,244,538,355,353,487,529,154,171,98,130,101,157,87,185,229,208,116,32767,32767,32767,405,352,189,1236,989,744,1105,1162,1140,1243,1413,1584]} 1. e4 {[%emt 0:00:00]} e6 {[%emt 0:00:00]} 2. Nf3 {[%emt 0:00:00]} d5 {[%emt 0:00:00]} 3. Nc3 {[%emt 0:00:07]} Nf6 {[%emt 0:00:00]} 4. e5 {[%emt 0:00:12]} Nfd7 {[%emt 0:00:00]} 5. d4 {[%emt 0:00:10]} c5 {[%emt 0:00:03]} 6. dxc5 {[%emt 0:00:15]} Nc6 {[%emt 0:00:29]} 7. Bf4 {[%emt 0:00:22]} Bxc5 {[%emt 0:01:51]} 8. Bd3 {[%emt 0:00:15]} a6 {[%emt 0:07:13]} 9. O-O {[%emt 0:01:07]} b5 {[%emt 0:01:25]} 10. a3 {[%emt 0:01:05] 10.a3 is better than 10.Re1. C11: French: Classical System: 4 e5 and 4 Bg5 dxe4.} Qb6 {[%emt 0:02:47]} 11. Qe2 {[%emt 0:24:01]} Bb7 {[%emt 0:04:51]} 12. Ng5 {[%emt 0:05:18] [#]} h6 $146 {[%emt 0:25:09]} ({Predecessor:} 12... Nf8 13. Qh5 Qc7 14. Bxb5 axb5 15. Nxb5 Qe7 16. b4 Nd4 17. Nd6+ Bxd6 18. exd6 Qf6 19. Be5 Ne2+ 20. Qxe2 Ba6 21. b5 Qxg5 22. bxa6 f6 23. Bd4 Qf4 24. Qb5+ {1-0 (24) Rigo,J (2365)-Segers,H Baden-Baden 1987}) 13. Nf3 {[%emt 0:25:05]} (13. Nxd5 $1 $14 Nd4 14. Nxb6 Nxe2+ 15. Bxe2 Nxb6 16. Nf3) 13... Rc8 {[%emt 0:01:21]} 14. b4 {[%emt 0:11:20]} (14. Rae1 $11) 14... Nd4 {[%emt 0:06:07]} 15. Qe1 {[%emt 0:05:49]} (15. Qe3 $17 {is a better defense.} Nxf3+ 16. Qxf3) 15... Nxf3+ {[%emt 0:02:10]} 16. gxf3 {[%emt 0:00:07]} Bd4 {[%emt 0:00:20]} 17. Ne2 {[%emt 0:00:56]} Bxa1 {[%emt 0:08:34]} 18. Qxa1 {[%emt 0:00:09]} Qc7 {[%emt 0:03:07]} 19. Re1 {[%emt 0:03:57]} Ke7 {[%emt 0:03:00]} 20. Bg3 {[%emt 0:00:51]} Rcg8 {[%emt 0:10:06]} 21. f4 {[%emt 0:01:49]} g6 {[%emt 0:04:31]} 22. Nd4 {[%emt 0:01:57]} Nb6 {[%emt 0:04:31]} 23. Kf1 {[%emt 0:06:48]} Nc4 {[%emt 0:00:39]} 24. Qc1 {[%emt 0:00:23]} Qb6 {[%emt 0:00:52]} 25. Nb3 {[%emt 0:00:30]} Bc6 {[%emt 0:03:42]} (25... Kd7 $17 26. Nc5+ Kc8) 26. Bh4+ $1 {[%emt 0:03:42]} Ke8 {[%emt 0:00:18]} 27. Bf6 {[%emt 0:00:06]} Rh7 {[%emt 0:00:44]} 28. Nc5 {[%emt 0:01:00]} Qa7 {[%emt 0:01:35] [#]} (28... a5 $16) 29. Qa1 {[%emt 0:04:23]} (29. a4 $142 $1 {[%mdl 512]} Bd7 (29... bxa4 30. Bxc4) 30. Bxc4) 29... Qa8 {[%emt 0:02:43]} (29... Qb6 $16 {was called for.}) 30. Rd1 {[%emt 0:00:53]} Qc8 $2 {[%emt 0:05:01]} (30... Nb6) 31. Qc3 {[%emt 0:00:49]} Rhg7 {[%emt 0:01:04]} 32. Bxc4 {[%emt 0:01:58]} bxc4 {[%emt 0:00:32] [#]} 33. Bxg7 $2 {[%emt 0:00:18]} (33. b5 $1 $18 {[%mdl 512] and White stays clearly on top.} axb5 34. Qa5) 33... Rxg7 {[%emt 0:00:01]} 34. Qh3 {[%emt 0:00:13]} (34. a4 $18) 34... h5 {[%emt 0:01:25]} 35. Qh4 {[%emt 0:00:32]} Rh7 {[%emt 0:00:36] [#]} ({Black should play} 35... Rg8) 36. c3 {[%emt 0:00:53]} (36. Qf6 $142 $1) 36... Bb5 {[%emt 0:00:33]} (36... Rh8 $16 {might work better.}) 37. a4 {[%emt 0:00:24]} Bd7 {[%emt 0:00:19] [#]} 38. a5 {[%emt 0:00:08]} (38. Qf6 $1 $18) 38... Bb5 {[%emt 0:00:10]} 39. Qg5 {[%emt 0:00:59]} Qc6 {[%emt 0:00:39] [#]} 40. Ne4 $1 {[%emt 0:00:33] Back Rank} Kf8 {[%emt 0:00:58]} 41. Nd6 {[%emt 0:00:30]} d4 $2 {[%emt 0:00:23]} (41... Qd7 42. Ke2 (42. Nxb5 Qxb5 43. f5 gxf5 $11) 42... Ba4) 42. Qd8+ {[%emt 0:00:31]} Kg7 {[%emt 0:00:01]} 43. Qf6+ {[%emt 0:00:02]} Kg8 {[%emt 0:00:44]} 44. Rxd4 {[%emt 0:00:18]} Qh1+ {[%emt 0:00:28]} 45. Ke2 {[%emt 0:00:02]} Bc6 $18 {[%emt 0:00:40]} 46. Ne4 {[%emt 0:01:34]} Bd5 {[%emt 0:00:00]} 47. Ng5 {[%emt 0:00:32]} Qc1 {[%emt 0:00:51]} 48. Qd8+ {[%emt 0:00:28]} Kg7 {[%emt 0:00:03]} 49. Qf6+ {[%emt 0:00:04]} Kg8 {[%emt 0:00:01]} 50. Rxd5 {[%emt 0:01:02]} exd5 {[%emt 0:00:58]} 51. Nxh7 {[%emt 0:00:23]} Qc2+ {[%emt 0:00:23]} 52. Kf1 {[%emt 0:00:21]} Qd1+ {[%emt 0:00:13]} 53. Kg2 {[%emt 0:00:10]} Qg4+ {[%emt 0:00:06]} 54. Kf1 {[%emt 0:00:15]} 1/2-1/2

[Event "POL-chT 2nd League Juniors 2020"]
[Site "Sypniewo"]
[Date "2020.10.25"]
[Round "4.3"]
[White "Doroba, Ludwik"]
[Black "Lochinski, Pawel"]
[Result "1-0"]
[WhiteElo "1330"]
[BlackElo "1426"]
[Annotator "NA RC"]
[PlyCount "65"]
[EventDate "2020.10.23"]
[EventType "team-tourn"]
[EventCountry "POL"]
[SourceTitle "playchess.com"]
[Source "ChessBase"]
[SourceQuality "1"]
[TimeControl "5400+30"]

1. d4 {[%emt 0:00:00]} Nf6 {[%emt 0:00:00]} 2. c4 {[%emt 0:00:00]} g6 {[%emt 0:00:00]} 3. Nc3 {[%emt 0:00:23]} Bg7 {[%emt 0:00:00]} 4. Nf3 {[%emt 0:01:05]} O-O {[%emt 0:00:14]} 5. e3 {[%emt 0:06:27]} d6 {[%emt 0:04:02]} 6. Bd3 {[%emt 0:04:58]} Nbd7 {[%emt 0:04:06]} 7. O-O {[%emt 0:05:05]} e5 8. Re1 {[%emt 0:09:11]} c6 {[%emt 0:03:30]} 9. d5 {[%emt 0:06:27]} cxd5 {[%emt 0:05:22]} 10. cxd5 {[%emt 0:01:34]} Nc5 {[%emt 0:00:14]} 11. e4 {[%emt 0:02:27]} a6 {[%emt 0:06:48]} 12. b4 {[%emt 0:03:31]} Nxd3 {[%emt 0:00:41]} 13. Qxd3 {[%emt 0:00:19]} Ne8 {[%emt 0:10:03]} 14. Nd2 {[%emt 0:07:42]} f5 {[%emt 0:13:30]} 15. Nc4 {[%emt 0:02:44]} f4 {[%emt 0:05:39]} 16. f3 {[%emt 0:08:20]} g5 {[%emt 0:06:30]} 17. h3 {[%emt 0:02:23]} h5 {[%emt 0:07:22]} 18. a4 {[%emt 0:00:48]} Rf7 {[%emt 0:04:01]} 19. Kf2 {[%emt 0:01:59]} g4 {[%emt 0:02:11]} 20. hxg4 {[%emt 0:07:11]} hxg4 {[%emt 0:01:34]} 21. Rh1 {[%emt 0:00:40]} Bf6 {[%emt 0:04:40]} 22. Bd2 {[%emt 0:02:03]} Bh4+ {[%emt 0:00:40]} 23. Ke2 {[%emt 0:00:57]} Qg5 {[%emt 0:00:24]} 24. Rag1 {[%emt 0:01:35]} Rf6 {[%emt 0:05:20]} 25. Nb6 {[%emt 0:02:07]} Rb8 {[%emt 0:00:12]} 26. Qc4 {[%emt 0:03:12]} Rf7 {[%emt 0:00:12]} 27. Qd3 {[%emt 0:03:32]} Ng7 {[%emt 0:02:40]} 28. Nxc8 {[%emt 0:02:26]} Rxc8 {[%emt 0:00:01]} 29. fxg4 {[%emt 0:01:00]} Qxg4+ {[%emt 0:03:43]} 30. Qf3 {[%emt 0:00:24]} Qxf3+ {[%emt 0:00:44]} 31. gxf3 {[%emt 0:00:25]} Bg3 {[%emt 0:00:10]} 32. Kd3 {[%emt 0:01:42]} Kf8 {[%emt 0:01:26]} 33. Rh8+ 1-0